| 000 | 00550nam a2200181Ia 4500 | ||
|---|---|---|---|
| 003 | IN-BaIIA | ||
| 008 | 211028s9999 xx 000 0 eng d | ||
| 020 | _a0-00-219502-X | ||
| 040 | _cIIA Library | ||
| 080 |
_aGEN _bLEA |
||
| 100 |
_aLeakey Richard,Lewin Roger. _911286 |
||
| 245 | 0 |
_aPeople of the lake-man: his origins, nature and future. _cLewin Roger Leakey Richard |
|
| 260 |
_aLondon _bCollins _c1979 |
||
| 300 | _a223p. | ||
| 650 |
_aHuman origins _911287 |
||
| 650 |
_aHuman prehistory _911288 |
||
| 942 | _cBK | ||
| 999 |
_c6593 _d6593 |
||